|
003 -Nazwa inst., której nr kontr. jest w polu 001 [,]
|
-
- @
- Nazwa instytucji, której n kontrolny jest w polu 001
- NUKAT
|
|
005 -DATA I CZAS OSTATNIEJ MODYFIKACJI [,]
|
-
- @
- pole kontrolne
- 20241231090634.0
|
|
020 -Międzynarod. znormalizowany nr książki - ISBN [ , ]
|
-
- a
- Numer ISBN
- 9788372466228
|
|
040 -Instytucja sporządzająca opis [ , ]
|
-
- a
- Instytucja, która sporządziła opis (NP)
- KAT 001/KC
-
- b
- Język katalogowania
- pol
-
- e
- Zasady katalogowania
- rda
-
- c
- Instytucja, która sporządziła rekord (NP)
- KAT 001/KC
-
- d
- Instytucja, która zmodyfikowała rekord (P)
- KAT 001/KHM
-
- d
- Instytucja, która zmodyfikowała rekord (P)
- KAT 001/ZPs
-
- d
- Instytucja, która zmodyfikowała rekord (P)
- KR U/KNs
-
- d
- Instytucja, która zmodyfikowała rekord (P)
- GL 001/FAK
|
|
942 -Rodzaj dokumentu [ , ]
|
-
- c
- Rodzaj dokumentu
- Książka
|
|
080 -Uniwersalna Klasyfikacja Dziesiętna [ , ]
|
-
- 2
- Identyfikator wydania tablic
- UDC-P058
-
-
- a
- Symbol klasyfikacji
- 336.2:352
-
- b
- Dopowiedzenie
- Dochody administracji terenowej lokalnej. Dochody gmin. Dochody samorządów lokalnych.
-
-
- x
- Poddział wspólny
- (082.1)
-
- c
- Dopowiedzenie poddz. wspólnego
- (Zbiory prac różnych autorów. Księgi pamiątkowe).
-
-
-
- c
- Dopowiedzenie poddz. wspólnego
- (Polska).
|
|
080 -Uniwersalna Klasyfikacja Dziesiętna [ , ]
|
-
- 2
- Identyfikator wydania tablic
- UDC-P058
-
-
- a
- Symbol klasyfikacji
- 339.7
-
- b
- Dopowiedzenie
- Finanse międzynarodowe.
-
-
- x
- Poddział wspólny
- (082.1)
-
- c
- Dopowiedzenie poddz. wspólnego
- (Zbiory prac różnych autorów. Księgi pamiątkowe).
-
-
-
- c
- Dopowiedzenie poddz. wspólnego
- (Polska).
-
-
- x
- Poddział wspólny
- (4-67)
-
- c
- Dopowiedzenie poddz. wspólnego
- (Kraje Unii Europejskiej).
|
|
650 -Hasło przedmiotowe [ ,7]
|
-
- a
- Hasło przedmiotowe
- Samorząd lokalny
-
- z
- Określnik geograficzny
- Polska
-
- x
- Określnik rzeczowy
- finanse
-
- y
- Określnik chronologiczny
- 1990-.
-
-
|
|
650 -Hasło przedmiotowe [ ,7]
|
-
- a
- Hasło przedmiotowe
- Fundusze strukturalne
-
- z
- Określnik geograficzny
- Polska
-
- y
- Określnik chronologiczny
- 1990-.
-
-
|
|
651 -Hasło przedmiotowe w formie nazwy geograficznej [ ,7]
|
-
- a
- Nazwa geograficzna
- Europa
-
- x
- Określnik rzeczowy
- integracja gospodarcza
-
- y
- Określnik chronologiczny
- 1990-.
-
-
|
|
980 -Symbol UKD [ , ]
|
-
- a
- UKD
- 336.2:352](438):339.7(4-67)](082.1)
|
|
700 -Hasło dodatkowe - nazwa osobowa [1, ]
|
-
- a
- Nazwa osobowa (NP)
- Famulska, Teresa
-
- d
- Daty biograficzne (NP)
- (1958- ).
-
- e
- Określenie rodzaju współpracy
- Redakcja
-
- e
- Określenie rodzaju współpracy
- Autor
-
|
|
700 -Hasło dodatkowe - nazwa osobowa [1, ]
|
-
- a
- Nazwa osobowa (NP)
- Walasik, Artur.
-
- e
- Określenie rodzaju współpracy
- Autor
-
|
|
700 -Hasło dodatkowe - nazwa osobowa [1, ]
|
-
- a
- Nazwa osobowa (NP)
- Ciupek, Bożena.
-
- e
- Określenie rodzaju współpracy
- Autor
-
|
|
700 -Hasło dodatkowe - nazwa osobowa [1, ]
|
-
- a
- Nazwa osobowa (NP)
- Znaniecka, Krystyna
-
- d
- Daty biograficzne (NP)
- (1940-2021).
-
- e
- Określenie rodzaju współpracy
- Autor
-
|
|
700 -Hasło dodatkowe - nazwa osobowa [1, ]
|
-
- a
- Nazwa osobowa (NP)
- Kania, Piotr
-
- c
- Dopowiedzenie inne niż daty biograficzne (NP)
- (ubezpieczenia społeczne).
-
- e
- Określenie rodzaju współpracy
- Autor
-
|
|
710 -Hasło dodatkowe - nazwa ciała zbiorowego [2, ]
|
-
- a
- Nazwa ciała zbiorowego lub nazwa geograficzna jako pierwszy element (NP)
- Uniwersytet Ekonomiczny (Katowice).
-
- b
- Nazwa jednostki podrzędnej (P)
- Wydawnictwo.
-
- e
- Rodzaj współpracy
- Wydawca
-
-
|